00606nam a2200157 a 450000500170000000800410001705000240005810000170008224501010009926000270020030000230022744000340025052001220028465000210040665000210042720140412111330.0030210s19uu xx 00 eng d aTR(GS 030bL41 1992 aLaw, Felicia aLearn about numbers /cstory by Felicia Law ; illustrations by Steve Smallman & Shirley Tourret. aUK :bWorld Book, Inc. a1 v. (unp.) ; ill. aEarly World of Learning-Poldy aThis Number storybook introduces your child to the numbers one to five as Poldy and his friends join in grand parade. aNumbers--Fiction aChildren stories